Religiones de la tierra y sacralidad del pobre: aportación al diálogo interreligioso
Salvato in:
| Autori principali: | , , , , , , , |
|---|---|
| Altri autori: | |
| Natura: | Libro |
| Lingua: | spagnolo |
| Pubblicazione: |
Barcelona
Cristianisme
1997
Santander Sal Terrae 1997 |
| Edizione: | 1a. ed |
| Serie: | Colección Presencia Teológica, 90
|
| Soggetti: | |
| Tags: |
Aggiungi Tag
Nessun Tag, puoi essere il primo ad aggiungerne!!
|
MARC
| LEADER | 00000cam a2200000 a 4500 | ||
|---|---|---|---|
| 001 | UCD2172 | ||
| 003 | CL-VaPUC | ||
| 008 | 160414e19970000sp |||||||||||||||||spa|d | ||
| 020 | |a 8429312471 | ||
| 082 | 0 | 4 | |a 289 |b GON |2 21 |
| 100 | |a González Faus, José Ignacio |e autor |9 598279 | ||
| 700 | 0 | |a Tessier, Henri |e author |9 585457 | |
| 700 | 0 | |a Schlüter, Ana María |e author |9 585458 | |
| 700 | 0 | |a Corbí, Mariá |e author |9 585459 | |
| 700 | |a Panikkar, Raimon |q (Panikkar, Raimundo) |e autor |9 355650 | ||
| 700 | 0 | |a Martínez Gordo, J |e author |9 585461 | |
| 700 | 0 | |a Oller, M. Dolors |e author |9 585462 | |
| 700 | 0 | |a Vitoria Cormenzana, Francisco J |e author |9 585463 | |
| 700 | 0 | |a Durán, Elvira |e author |9 585464 | |
| 245 | 1 | 0 | |a Religiones de la tierra y sacralidad del pobre: aportación al diálogo interreligioso |
| 250 | |a 1a. ed | ||
| 300 | |a 190 p | ||
| 942 | |c BK | ||
| 945 | |d 20160414 22:20:00 |a arojas | ||
| 260 | |a Barcelona |b Cristianisme |c 1997 | ||
| 260 | |a Santander |b Sal Terrae |c 1997 | ||
| 650 | 0 | |a Religiones |9 265211 | |
| 650 | 0 | |a Cristianismo |9 257361 | |
| 650 | 0 | |a Islamismo |9 314084 | |
| 650 | 0 | |a Hinduismo |9 265212 | |
| 583 | |a last modification |c 20160418 09:20:15 |k Rodrigo Vera | ||
| 490 | 0 | |a Colección Presencia Teológica, 90 | |
| 999 | |c 363367 |d 363365 | ||
| 952 | |0 0 |1 0 |3 erb |4 0 |6 289_000000000000000_GON_1997_1997 |7 0 |8 A |9 475561 |a BIBTEO |b BIBTEO |i 5281482 |l 1 |m 3 |o 289 GON 1997 1997 |p 5281482 |r 2024-01-18 |s 2023-05-04 |w 2019-11-24 |y BK |z Catalogado en:20160414 |k ICR | ||